Радиационные технологии в сельском хозяйстве и пищевой промышленности: состояние и перспективы (Запись № 12215755)
[ простой вид ]
| 000 -МАРКЕР | |
|---|---|
| контрольное поле | 02800nam0a2200385 4500 |
| 001 - ИДЕНТИФИКАТОР ЗАПИСИ | |
| контрольное поле | RU\NLR\BIBL_A\012166035 |
| 005 - ИДЕНТИФИКАТОР ВЕРСИИ | |
| контрольное поле | 20260407072439.0 |
| 010 ## - МЕЖДУНАРОДНЫЙ СТАНДАРТНЫЙ НОМЕР КНИГИ (ISBN) | |
| Номер (ISBN) | 9785903386536 |
| Тираж | 350 |
| 021 ## - НОМЕР ГОСУДАРСТВЕННОЙ РЕГИСТРАЦИИ | |
| Код страны | российская федерация |
| Номер | 2019-85482 |
| Номер Листа государственной регистраци | КН-П-6230 |
| 035 ## - ДРУГИЕ СИСТЕМНЫЕ НОМЕРА | |
| Идентификатор записи | (RuMoRGB)010153356 |
| 035 ## - ДРУГИЕ СИСТЕМНЫЕ НОМЕРА | |
| Идентификатор записи | (NLR Aleph) 012166035 |
| 100 ## - ДАННЫЕ ОБЩЕЙ ОБРАБОТКИ | |
| Данные общей обработки | 20191217d2018 k y0rusy50 ca |
| 101 0# - ЯЗЫК РЕСУРСА | |
| Язык текста, звукозаписи и т.д. | русский |
| Язык резюме | английский |
| 102 ## - СТРАНА ПУБЛИКАЦИИ ИЛИ ПРОИЗВОДСТВА | |
| Страна публикации | российская федерация |
| 105 ## - ПОЛЕ КОДИРОВАННЫХ ДАННЫХ: ТЕКСТОВЫЕ МАТЕРИАЛЫ, МОНОГРАФИЧЕСКИЕ | |
| Кодированные данные о монографическом текстовом документе | a|||zzzz101zy |
| 200 1# - ЗАГЛАВИЕ И СВЕДЕНИЯ ОБ ОТВЕТСТВЕННОСТИ | |
| Основное заглавие | Радиационные технологии в сельском хозяйстве и пищевой промышленности: состояние и перспективы |
| Параллельное заглавие | Radiation technologies in agriculture and food industry: current state and prospects |
| Сведения, относящиеся к заглавию | сборник докладов Международной научно-практической конференции (Обнинск, 26-28 сентября 2018 г.) |
| Первые сведения об ответственности | Российская академия наук, Министерство науки и высшего образования Российской Федерации, Федеральное государственное бюджетное научное учреждение "Всероссийский научно-исследовательский институт радиологии и агроэкологии" [и др. |
| Последующие сведения об ответственности | редакционная коллегия : ... О. А. Шубина, к.б.н. (отв. ред.) и др.] |
| Язык параллельного заглавия | английский |
| 210 ## - ПУБЛИКАЦИЯ, РАСПРОСТРАНЕНИЕ И ДР. | |
| Место издания, распространения и т.д. | Обнинск |
| Имя издателя, распространителя и т. д. | ФГБНУ ВНИИРАЭ |
| Дата издания, распространения и т.д. | 2018 |
| 215 ## - ФИЗИЧЕСКАЯ ХАРАКТЕРИСТИКА | |
| Специфическое обозначение материала и объем | 356 с. |
| Другие сведения о физической характеристике | ил., табл., цв. ил. |
| Размеры | 29 |
| 300 ## - ОБЩИЕ ПРИМЕЧАНИЯ | |
| Текст примечания | Рез. англ. |
| 320 ## - ПРИМЕЧАНИЯ О НАЛИЧИИ В ДОКУМЕНТЕ БИБЛИОГРАФИИ / УКАЗАТЕЛЯ | |
| Текст примечания | Библиогр. в конце ст. |
| 320 ## - ПРИМЕЧАНИЯ О НАЛИЧИИ В ДОКУМЕНТЕ БИБЛИОГРАФИИ / УКАЗАТЕЛЯ | |
| Текст примечания | Авт. указ.: с. 355-356 |
| 510 1# - ПАРАЛЛЕЛЬНОЕ ЗАГЛАВИЕ | |
| Параллельное заглавие | Radiation technologies in agriculture and food industry: current state and prospects |
| Язык заглавия | английский |
| 606 1# - НАИМЕНОВАНИЕ ТЕМЫ КАК ПРЕДМЕТ | |
| Наименование темы | Радиология сельскохозяйственная |
| Формальный подзаголовок | Съезды, совещания и т.п |
| Системный номер авторитетной/нормативной записи | 1597587 |
| Идентификатор авторитетной/нормативной записи | RU\NLR\AUTH\661001285 |
| 606 1# - НАИМЕНОВАНИЕ ТЕМЫ КАК ПРЕДМЕТ | |
| Наименование темы | Пищевые продукты |
| Формальный подзаголовок | Съезды, совещания и т.п |
| Тематический подзаголовок | Обработка |
| -- | Физические методы |
| Системный номер авторитетной/нормативной записи | 1878441 |
| Идентификатор авторитетной/нормативной записи | RU\NLR\AUTH\66853392 |
| 686 1# - ИНДЕКСЫ ДРУГИХ КЛАССИФИКАЦИЙ | |
| Индекс | Л815.3я431(0) |
| 686 1# - ИНДЕКСЫ ДРУГИХ КЛАССИФИКАЦИЙ | |
| Индекс | П015я431(0) |
| 702 #1 - ИМЯ ЛИЦА - ВТОРИЧНАЯ ОТВЕТСТВЕННОСТЬ | |
| Начальный элемент ввода | Шубина |
| Часть имени, кроме начального элемента ввода | О. А. |
| Код отношения | Редактор |
| 711 12 - НАИМЕНОВАНИЕ ОРГАНИЗАЦИИ - АЛЬТЕРНАТИВНАЯ ОТВЕТСТВЕННОСТЬ | |
| Начальный элемент ввода | "Радиационные технологии в сельском хозяйстве и пищевой промышленности: состояние и перспективы", международная научно-практическая конференция |
| Место проведения временной организации | Обнинск |
| Дата проведения временной организации | 2018 |
| Системный номер авторитетной/нормативной записи | 688715 |
| Идентификатор авторитетной/нормативной записи | RU\NLR\AUTH\880514049 |
| 712 02 - НАИМЕНОВАНИЕ ОРГАНИЗАЦИИ - ВТОРИЧНАЯ ОТВЕТСТВЕННОСТЬ | |
| Код отношения | Организатор конференции |
| Начальный элемент ввода | Российская академия наук |
| Идентификатор авторитетной/нормативной записи | RU\NLR\AUTH\881057 |
| Системный номер авторитетной/нормативной записи | 272489 |
| 942 ## - ДОПОЛНИТЕЛЬНЫЕ ЭЛЕМЕНТЫ ЗАПИСИ (АБИС) | |
| Тип экземпляра АБИС | Книга |
| 980 ## - КОЛЛЕКЦИЯ | |
| Название коллекции | НБР |
Нет доступных экземпляров.